LEADER 01132nam a2200253 4500 001 000000347561 003 CaOOAMICUS 005 20210916141254.0 008 210901s2000 it 000 u ita r 040 $aSeMil$bita 110 0 $aAssociazione canto popolare.$0(OLS)http://semarc/name/114541 245 13$aUn popolo e i suoi canti :$braccolta di canti popolari italiani /$cAssociazione canto popolare ; a cura di Tommaso Baviera. 264 1$aFirenze :$bStudio editoriale fiorentino,$c2000. 300 $aX, 628 p. ;$c15 cm 541 0 $aOmaggio card. Angelo Scola (3Q I 156) 650 4$aCanti popolari - Italia.$0(OLS)http://semarc/subject/25004 700 1 $aBaviera, Tommaso.$0(OLS)http://semarc/name/114542 850 $aSeMil 852 $aSeMil$W1$xVenegono$y1$m3Q I 156$j229073$B238630$CSeMilBibl$Z2$F238630 $81 941 1 $a6 961 $aOmaggio card. Angelo Scola 996 $6245$aUn popolo e i suoi canti :$braccolta di canti popolari italiani$9(OLS)http://semarc/title/436858 996 $6264$aFirenze :$bStudio editoriale fiorentino$9(OLS)http://semarc/publisher/45780 LEADER 00988nam a2200229 i 4500 001 000000185669 003 CaOOAMICUS 005 20100211000000.0 008 100211s1981 it u000 u ita u 013 $a163703 040 $aSeMil$bita 100 1 $aBaldessari, Adolfo.$0(OLS)http://semarc/name/68237 245 13$aIl santuario :$bricerca sociologico-religiosa /$cA. Baldessari, M. Facchinelli. 260 $aRoma :$bCittà Nuova,$c1981. 300 $a189 p., [8] p. di tav. :$bill. ;$c20 cm. 650 4$aRomedio .$0(OLS)http://semarc/subject/24400 650 4$aPredaia - Santuario di San Romedio.$0(OLS)http://semarc/subject/24401 700 1 $aFacchinelli, Marco.$0(OLS)http://semarc/name/68238 850 $aSeMil 852 $aSeMil$W1$xVenegono$y1$m2X I 360$j136360$B136360$CSeMilBibl$Z2$F147886 $81 996 $6245$aIl santuario :$bricerca sociologico-religiosa$9(OLS)http://semarc/title/266876 996 $6260$aRoma :$bCittà Nuova$9(OLS)http://semarc/publisher/29609